000
00318nam a2200121Ia 4500
008
220204s9999 xx 000 0 und d
020
_a
195654455
082
_a
91(540.23)
_b
SIN
100
_a
Singh, B P
245
4
_a
The Millennium book on New Delhi
260
_a
New Delhi
_b
Oxford University Press
_c
2001
942
_c
BK
999
_c
41913
_d
41913